| 000 | 00566nam a2200193Ia 4500 | ||
|---|---|---|---|
| 003 | GCL | ||
| 008 | 140319s9999 xx 000 0 ara d | ||
| 040 |
_aGCL / _cGCL |
||
| 082 | 0 | 4 |
_a813.01 _bا خ |
| 100 | 1 | _aالهامى عمارة | |
| 245 | 1 | 0 |
_aخفايا الليل وقصص اخرى / _cالهامى عمارة |
| 260 |
_a[S.N] : _bمكتبة مدبولى ، _c1994 |
||
| 300 | _a212 | ||
| 490 | _a | ||
| 650 | 0 | 4 | _aالادب العربى |
| 650 | 0 | 4 | _aالقصص القصيرة |
| 650 | 0 | 4 | _aالقصص العربية القصيرة |
| 942 |
_2ddc _cBK |
||
| 999 |
_c27695 _d27695 |
||